| 000 | 01090nas a2200349 4500 | ||
|---|---|---|---|
| 001 | BR0806126 | ||
| 003 | BR-BrBNA | ||
| 005 | 20231205112105.0 | ||
| 007 | ta | ||
| 008 | 230509b bl.|||p| |||| 00| 00por d | ||
| 040 |
_aBR-BrBNA _bpor _cBiblioteca Nacional de Agricultura |
||
| 041 | _a(Pt) | ||
| 072 | _aL73; L70 | ||
| 100 | 1 | _aZerbinati, J. | |
| 100 | 1 | _aGreve, I.C. | |
| 100 | 1 | _aLeal, R.F. | |
| 100 | 1 | _aAmorim, L.M.P.V. de | |
| 100 | 1 | _aSilva, D.L. da | |
| 100 | 1 | _aViegas, S.R.A. de A. | |
| 100 | 1 | _aPeixoto, A.P.C. | |
| 100 | 1 | _aCarminati, R. | |
| 100 | 1 | _aCerqueira, R.B. | |
| 245 | 1 | _aProdução e padronização de um antígeno para um teste elisa indireto no diagnóstico da linfadenite caseosa em soros caprinos | |
| 650 | _aANTÍGENO | ||
| 650 | _aCAPRINO | ||
| 650 | _aLINFADENITE CASEOSA | ||
| 650 | _aELISA | ||
| 650 | _aDIAGNÓSTICO | ||
| 773 | 0 |
_tRevista Acadêmica.Ciências Agrárias e Ambientais (Brazil) _xISSN 0103-989X _g(Jul-Sep 2007), v. 5(3) p. 285-293 _wBR0806126 |
|
| 909 |
_a202311 _bLúcia _c55 _dLúcia Elande |
||
| 942 |
_2AGRIS _n0 _cANA |
||
| 999 |
_c196037 _d196037 |
||